000 00790nam a2200289Ia 4500
005 20260324115604.0
008 008 260324s9999 xx 000 0 eng d
020 _a9781003447399
037 _aEBOOK
040 _aCRL
040 _beng
040 _cCRL
041 _2eng
041 _aeng
084 _qCRL
100 _aRobert K. Poch; Catherine Solheim; Amy Lee; Peter Felten; Mary Katherine O'Brien
_91155249
245 0 _aTeaching Interculturally
245 2 _bA Framework for Integrating Disciplinary Knowledge and Intercultural Development
260 _bTaylor and Francis
260 _c2017
365 _a
365 _b230
856 _uhttp://www.taylorfrancis.com/books/9781003447399
942 _cEBOOK
999 _c1746232
_d1746232